| 000 | 00456cam a22001931 4500 | ||
|---|---|---|---|
| 001 | 1693818 | ||
| 005 | 20180220092743.0 | ||
| 008 | 730327s1959 njua 000 0 eng | ||
| 010 | _a 59006959 | ||
| 040 |
_aDLC _cDLC _dDLC |
||
| 041 | _aeng | ||
| 080 | _a641.07 BRO | ||
| 082 | 0 | 0 | _a641.07 BRO |
| 100 | 1 | _a10 | |
| 101 | _aNUT | ||
| 245 | 1 | 0 | _aDemonstration techniques. |
| 906 |
_a7 _bcbc _corignew _du _eocip _f19 _gy-gencatlg |
||
| 942 |
_2ddc _cBK |
||
| 999 |
_c42954 _d42954 |
||